Oaxaca en la numismática y la filatelia (Record no. 240)

MARC details
000 -CABECERA
campo de control de longitud fija 00857nam a2200205 a 4500
001 - NÚMERO DE CONTROL
campo de control BRCA_298
005 - FECHA Y HORA DE LA ÚLTIMA TRANSACCIÓN
campo de control 20190320202942.0
008 - DATOS DE LONGITUD FIJA--INFORMACIÓN GENERAL
campo de control de longitud fija 970109s1996 mx-a---##c---#000-0#spa-#
040 ## - FUENTE DE LA CATALOGACIÓN
Centro catalogador/agencia de origen DLC
Centro/agencia transcriptor DLC
050 #4 - SIGNATURA TOPOGRÁFICA DE LA BIBLIOTECA DEL CONGRESO
Número de clasificación CJ1909.O2
Número de documento/Ítem .O24 1996
245 10 - MENCIÓN DE TÍTULO
Título Oaxaca en la numismática y la filatelia
Mención de responsabilidad, etc. [coordinación general, Ma. Isabel Grañén Porrúa].
260 ## - PUBLICACIÓN, DISTRIBUCIÓN, ETC.
Lugar de publicación, distribución, etc. [México]
Nombre del editor, distribuidor, etc. Banco Nacional de México
Fecha de publicación, distribución, etc. 1996
300 ## - DESCRIPCIÓN FÍSICA
Extensión 48 p.
Otras características físicas il. a color
Dimensiones 22 cm.
500 ## - NOTA GENERAL
Nota general Catálogo de la exposición realizada en el Instituto de Artes Gráficas de Oaxaca, octubre - diciembre, 1996
650 14 - PUNTO DE ACCESO ADICIONAL DE MATERIA--TÉRMINO DE MATERIA
Término de materia o nombre geográfico como elemento de entrada Numismática
Subdivisión general Historia
Subdivisión geográfica Oaxaca de Juárez (México)
9 (RLIN) 998
650 14 - PUNTO DE ACCESO ADICIONAL DE MATERIA--TÉRMINO DE MATERIA
Término de materia o nombre geográfico como elemento de entrada Sellos postales
Subdivisión general Historia
Subdivisión geográfica Oaxaca de Juárez (México)
9 (RLIN) 999
700 1# - PUNTO DE ACCESO ADICIONAL--NOMBRE DE PERSONA
Nombre de persona Grañén Porrúa, Ma. Isabel
Forma completa/desarrollada del nombre (María Isabel)
9 (RLIN) 1000
710 2# - PUNTO DE ACCESO ADICIONAL--NOMBRE DE ENTIDAD CORPORATIVA
Nombre de entidad corporativa o nombre de jurisdicción como elemento de entrada Instituto de Artes Gráficas de Oaxaca
9 (RLIN) 1001
942 ## - ELEMENTOS DE PUNTO DE ACCESO ADICIONAL (KOHA)
Fuente del sistema de clasificación o colocación Library of Congress Classification
Tipo de ítem Koha Libros
Holdings
Estado de retiro Estado de pérdida Estado dañado No para préstamo Localización permanente Ubicación/localización actual Fecha de adquisición Total de préstamos Signatura topográfica completa Código de barras Fecha visto por última vez Precio válido a partir de Tipo de ítem Koha
El ejemplar forma parte de la colección y puede ser consultado según las políticas vigentes.       Biblioteca del Museo Franz Mayer (Rogerio Casas-Alatriste) Biblioteca del Museo Franz Mayer (Rogerio Casas-Alatriste) 25/06/2008   CJ1909.O2 .O24 1996 00388 22/03/2019 22/03/2019 Libros